Statistics for friends - the ultimate game quiz

Click here to take the quiz!

General Stats

  • This quiz has been taken 8 times
  • The average score is 27 of 53

Answer Stats

HintAnswer% Correct
who was the host of the gameross
100%
monica categorizes her towels how many
categories are there
11
88%
did they get it rightno
88%
what color was the sweater monica was wearingred
88%
did they get it correctyes
88%
do they agree on the betyes
88%
how much did they bet in the game100 dollars
75%
what does rachel answer to question ’chandler was how old
when he first touched a grls breast’
14
75%
in what age14
75%
what was the correct answer19
75%
how much was time left before they answered2 seconds
75%
how many questions did the guys get right4
75%
how many correct questions would’ve won the game at
that point
5
75%
in what part of her body did monica get a pencil stuck onceear
75%
what round came after there was a tielightning round
75%
her actual favorite movie isweekend at bernies
75%
how much time there were to answer questions30 seconds
63%
what was monicas nickname when she was a field hockey
goalie
big fat goalie
63%
according to rachel what isthe name in the tv guide
that comes into joey and chandlers appartment every week
chandler bing
63%
what were the categories they listedeveryday use, fancy, guest, fancy guest
63%
what where the 4 categorys in the game ross made
to see who knows eachother better
fears and pet peeves ancient history
literature its all relative
63%
what category did the gentlemen pick nextits all relative
63%
who won the gamejoey and chandler
63%
who got to start the gamejoey and chandler
63%
joey had an imaginary childhood friend his name wasmaurice
63%
what is joeys favorite foodsandwiches
63%
his profession wasspace cowboy
63%
what is the name of chandlers fathers las vegas all-males
burlesque
viva las gaygas
63%
chandler adds more money again on the bet
how much is it now
200 dollars
50%
what was the name of monica and ross late
grandmother
althea
50%
who were up first in the lightning roundboys
50%
was the coin they flipped to see who starts heads
or tales
heads
50%
according to chandler what phenomenon scares the
bejeezus out of him
michael flatley lord of the dance
50%
what rachel answers to be chandlers jobtransponster
50%
what color was literatureyellow
50%
before the lightning round they add more money on the bet
how much is the bet now
150 dollars
38%
monica adds still more money on the bet how much is it now300 dollars
38%
rachel claims this is her favorite moviedangerous liaisons
38%
what category did they pickfears and pet peeves
25%
what ross tells chandler to stop doingjumping
25%
what was the correct answermiss chanandler bong
25%
what category did the ladies picksame category / fears and pet peeves
25%
and what monica says to that (exact words)thats not even a word
25%
what was monicas biggest pet peeveanimals dressed as humans
13%
how did chandler defend himself (exact words)his legs flail about as if independent
from his body
13%
what does chandler say after monica says that she is
so good at lightning rounds (exact words)
i majored in lightning rounds
13%
what happends if joey and chandler winthey get monica and rachels
appartment
13%
what does chandler answer to that (exact words)unfortunately that is correct
13%
why was monica mad at the start of the episodebecause joey knew it was her loundry
day wich ment that she was wearing her
old lady underpants
0%
why were they playing the game
because chandler and joey thought that they knew
monica and rachel better than they knew them
0%
then the money changes for something else: what happens
if monica and rachel win
joey and chandler have to get rid of
their birds
0%
when monica says she just wants to spice the game up
what does rachel say to that (exact words)
okay so then play for some pepper
stop spending my money
0%
what does rachel say after monica tells her to look at
her (monicas) hand (exact words)
why do you have the answers written
on there
0%

Score Distribution

Percentile by Number Answered

Percent of People with Each Score

Your Score History

You have not taken this quiz